000 00602nam a2200241Ia 4500
003 OSt
005 20221005085443.0
006 a|||||r|||| 00| 0
007 ta
008 221004b |||||||| |||| 00| 0 eng d
024 _a49340
037 _cTextual
040 _aCRL
_cCRL
_beng
041 _2eng
_aeng
082 _aR41, M6
100 _aViorst Judith
_9614191
245 0 _aNecessary losses
260 _aNew York
_bFawcett Gold Medal USA
_c1986
300 _a499p.
_ccm.
650 _aPHILOSOPHY
942 _hR41, M6
_cTEXL
_2cc
999 _c994235
_d994235